00318nam a2200109Ia 4500008004100000082002100041100002000062245001900082260002300101630001800124650006600142211109s9999||||xx |||||||||||||| ||und|| a894.81292bGOM-D aGomathi Amma, K 0aDhanyayay Njan bDC BooksaKottayam xGENERAL STACK aMalayalam LiteraturevMalayalam Literary DescriptionMalayalam